=LDR 00000nam 2200000 4500 =001 INLIS000000000006570 =005 20130612094707 =008 ***********************************Ind** =035 ##$$0010-061300000006570 =041 ##$$a Ind =082 ##$$a 92(Ahmad Dahlan) =090 ##$$a 92(Ahmad Dahlan), Kut k =100 ##$$a Kutoyo, Sutisno =245 ##$$a Kia Haji Ahmad Dahlan dan persyarikatan Muhammadyah, Sutrisno, Kutoyo =260 ##$$a 1998 $b Jakarta =300 ##$$a x, 363 hlm., Ilus., 21 cm =650 ##$$a Biografi =850 ##$$a NBPNMAT